[Event "Plzen, JF B"]
[Site "?"]
[Date "1999.??.??"]
[Round "2.4"]
[White "Kralovec, V."]
[Black "Svoboda, Jar"]
[Result "0-1"]
[WhiteElo "1536"]
[BlackElo "1740"]
[PlyCount "86"]
[EventDate "1999.??.??"]
[Source "ChessBase"]
[SourceDate "1996.11.15"]

1. e4 Nf6 2. d3 e5 3. Nc3 Bc5 4. Nf3 d6 5. Bg5 Bg4 6. Be2 c6 7. O-O Nbd7 8. Na4
h6 9. Be3 Bb6 10. Nxb6 Nxb6 11. Nd2 Bxe2 12. Qxe2 O-O 13. f4 exf4 14. Bxf4 Re8
15. Qf3 Re6 16. Rae1 Qe7 17. Nb3 Nfd7 18. Nd4 Ne5 19. Qh5 Rg6 20. Nf5 Qe6 21.
d4 Ng4 22. Nxd6 Nf6 23. Qf5 Qxa2 24. e5 Qd5 25. Re2 Nfd7 26. e6 Qxf5 27. Nxf5
Rxe6 28. Rxe6 fxe6 29. Nd6 c5 30. dxc5 Nxc5 31. Be3 Nbd7 32. b4 Na6 33. c3 b6
34. Rd1 Nf6 35. Nc4 Rc8 36. Rd4 Nd5 37. Bd2 Rc7 38. Ne5 Nxc3 39. Rd8+ Kh7 40.
Bf4 Ne2+ 41. Kf2 Nxf4 42. Nd7 Ng6 43. h4 h5 0-1

[Event "Plzen, JF B"]
[Site "?"]
[Date "1999.??.??"]
[Round "2.5"]
[White "Barton, J."]
[Black "Priborsky, I."]
[Result "0-1"]
[WhiteElo "1705"]
[BlackElo "1525"]
[PlyCount "120"]
[EventDate "1999.??.??"]
[Source "ChessBase"]
[SourceDate "1996.11.15"]

1. e4 e5 2. Nf3 Nc6 3. d4 exd4 4. Nxd4 Bc5 5. Be3 Bxd4 6. Bxd4 Nf6 7. Nc3 d6 8.
Bb5 O-O 9. Bxc6 bxc6 10. Qf3 Ng4 11. h3 Ne5 12. Qg3 f6 13. O-O-O Bd7 14. f4 Ng6
15. h4 Rf7 16. h5 Nf8 17. h6 c5 18. Be3 Ng6 19. f5 Ne5 20. Nd5 Rb8 21. Nf4 Nc4
22. b3 Ne5 23. Nh5 g6 24. fxg6 Nxg6 25. Nf4 Qe7 26. Nxg6 hxg6 27. Qxg6+ Kh8 28.
Bd2 Rg8 29. Qh5 Bg4 30. Qd5 Bxd1 31. Kxd1 Qd7 32. Kc1 c6 33. Qh5 Qe6 34. Bc3
Rgf8 35. g4 Kh7 36. Rf1 Rg8 37. Rf4 Rg5 38. Qh3 d5 39. exd5 cxd5 40. Qf3 Rg6
41. g5 d4 42. Bd2 Rxg5 43. Qd3+ f5 44. Kb2 Rg6 45. Rf2 Qd5 46. Qb5 Rb7 47. Qf1
Rf7 48. Qb5 Rb6 49. Qe8 Rbb7 50. Qe2 c4 51. Bc1 c3+ 52. Kb1 Rbe7 53. Qd3 Qe4
54. Qg3 Qg4 55. Qd6 Re1 56. Qh2 Rfe7 57. a4 Rxc1+ 58. Ka2 Ra1+ 59. Kxa1 Qd1+
60. Ka2 Qc1 0-1

[Event "Plzen, JF B"]
[Site "?"]
[Date "1999.??.??"]
[Round "2.6"]
[White "Stich, M."]
[Black "Horacek, D."]
[Result "1/2-1/2"]
[WhiteElo "1495"]
[BlackElo "1704"]
[PlyCount "44"]
[EventDate "1999.??.??"]
[Source "ChessBase"]
[SourceDate "1996.11.15"]

1. e4 e5 2. Nf3 Nc6 3. Bc4 Nf6 4. d4 exd4 5. O-O Nxe4 6. Re1 d5 7. Bxd5 Qxd5 8.
Nc3 Qa5 9. Nxe4 Be6 10. Bd2 Qd5 11. Bg5 Be7 12. Bxe7 Kxe7 13. Neg5 Rae8 14.
Nxe6 fxe6 15. Qd2 Kd7 16. Rad1 e5 17. c3 Kc8 18. h3 Rd8 19. cxd4 exd4 20. a3 h6
21. Qd3 Rhf8 22. Re4 Rd7 1/2-1/2

[Event "Plzen, JF B"]
[Site "?"]
[Date "1999.??.??"]
[Round "2.7"]
[White "Fiser, J."]
[Black "Bernerova, M."]
[Result "1-0"]
[WhiteElo "1683"]
[BlackElo "1485"]
[PlyCount "75"]
[EventDate "1999.??.??"]
[Source "ChessBase"]
[SourceDate "1996.11.15"]

1. e4 e5 2. Nf3 Nc6 3. Bb5 Nf6 4. O-O Be7 5. Re1 d6 6. c3 Bd7 7. d4 exd4 8.
cxd4 O-O 9. h3 a6 10. Ba4 Na7 11. Bxd7 Qxd7 12. Nc3 Rad8 13. Qb3 b6 14. a4 Qc8
15. e5 dxe5 16. dxe5 Nd7 17. e6 Nc5 18. exf7+ Rxf7 19. Qc4 Bf6 20. Bg5 Rdf8 21.
Nd5 Kh8 22. Nxf6 gxf6 23. Bh6 a5 24. Bxf8 Qxf8 25. b4 axb4 26. Qxb4 Qg8 27. Qc4
Qf8 28. a5 Rg7 29. axb6 cxb6 30. Nd4 Qa8 31. g3 Qc8 32. Re3 h6 33. Rae1 Kh7 34.
Re8 Qxh3 35. R1e7 Qg4 36. Qg8+ Kg6 37. Rxg7+ Kh5 38. Rxg4 1-0

[Event "Plzen, JF B"]
[Site "?"]
[Date "1999.??.??"]
[Round "2.8"]
[White "Priborsky, M."]
[Black "Barton, O."]
[Result "1/2-1/2"]
[WhiteElo "1487"]
[BlackElo "1673"]
[PlyCount "50"]
[EventDate "1999.??.??"]
[Source "ChessBase"]
[SourceDate "1996.11.15"]

1. e4 d5 2. exd5 Nf6 3. d4 Nxd5 4. Bc4 c6 5. Nc3 e6 6. Nxd5 cxd5 7. Bd3 Be7 8.
Nf3 O-O 9. O-O Nc6 10. c3 Qc7 11. Bc2 Bf6 12. Ng5 g6 13. h4 Qd8 14. f4 h6 15.
Nh3 Bxh4 16. f5 exf5 17. Bxh6 Re8 18. Qf3 Qd6 19. Bb3 Be6 20. Nf4 Kh7 21. Qh3
Kxh6 22. Qxh4+ Kg7 23. Qg5 Rh8 24. g4 Ne7 25. Rae1 Rae8 1/2-1/2

[Event "Plzen, JF B"]
[Site "?"]
[Date "1999.??.??"]
[Round "2.9"]
[White "Sedy, P."]
[Black "Cervinka, R."]
[Result "1-0"]
[WhiteElo "1671"]
[BlackElo "1444"]
[PlyCount "54"]
[EventDate "1999.??.??"]
[Source "ChessBase"]
[SourceDate "1996.11.15"]

1. e4 c6 2. d4 d5 3. e5 Bf5 4. Nf3 e6 5. Bd3 Bxd3 6. Qxd3 Nd7 7. Nbd2 c5 8. c3
Rc8 9. Nf1 cxd4 10. cxd4 Bb4+ 11. Bd2 Qb6 12. Ne3 Bxd2+ 13. Qxd2 Ne7 14. O-O
O-O 15. Rac1 Qa6 16. b3 Ng6 17. g3 f6 18. exf6 Nxf6 19. Rxc8 Rxc8 20. Qb4 Re8
21. Rc1 Qe2 22. Kg2 b6 23. Rc2 Qa6 24. Qd6 Qb7 25. Rc7 Qb8 26. Ne5 Nf8 27. Nc6
Ne4 1-0

[Event "Plzen, JF B"]
[Site "?"]
[Date "1999.??.??"]
[Round "2.10"]
[White "Priborsky, J."]
[Black "Smid, M."]
[Result "1/2-1/2"]
[WhiteElo "1444"]
[BlackElo "1669"]
[PlyCount "42"]
[EventDate "1999.??.??"]
[Source "ChessBase"]
[SourceDate "1996.11.15"]

1. e4 e6 2. d4 d5 3. Nc3 dxe4 4. Nxe4 Nd7 5. Nf3 Be7 6. Bd3 Ngf6 7. O-O O-O 8.
c3 b6 9. Re1 Bb7 10. Nxf6+ Nxf6 11. Bc2 c5 12. Be3 Rc8 13. Bf4 cxd4 14. Nxd4
Qd5 15. f3 Bc5 16. Be5 Ba6 17. Kh1 Rfd8 18. Bb3 Bc4 19. Bxc4 Qxc4 20. Qb3 Be7
21. Qxc4 Rxc4 1/2-1/2

[Event "Plzen, JF B"]
[Site "?"]
[Date "1999.??.??"]
[Round "2.11"]
[White "Marous, R."]
[Black "Vogeltanz, M."]
[Result "1-0"]
[WhiteElo "1665"]
[BlackElo "1429"]
[PlyCount "41"]
[EventDate "1999.??.??"]
[Source "ChessBase"]
[SourceDate "1996.11.15"]

1. e4 e6 2. Nf3 d5 3. e5 c5 4. b4 cxb4 5. a3 Nc6 6. axb4 Bxb4 7. c3 Ba5 8. d4
f6 9. Bd3 Bb6 10. Qc2 g6 11. Bxg6+ hxg6 12. Qxg6+ Kf8 13. Ba3+ Nge7 14. exf6
Rg8 15. fxe7+ Nxe7 16. Qf6+ Ke8 17. Ne5 Rf8 18. Qh6 Qc7 19. O-O Rg8 20. Qh5+
Kd8 21. Bd6 1-0

[Event "Plzen, JF B"]
[Site "?"]
[Date "1999.??.??"]
[Round "2.12"]
[White "Zemen, J."]
[Black "Studnicka, T."]
[Result "0-1"]
[WhiteElo "1375"]
[BlackElo "1651"]
[PlyCount "60"]
[EventDate "1999.??.??"]
[Source "ChessBase"]
[SourceDate "1996.11.15"]

1. e4 d6 2. d4 Nf6 3. Nc3 g6 4. f4 Bg7 5. Nf3 c5 6. Bb5+ Bd7 7. Bxd7+ Nbxd7 8.
O-O cxd4 9. Nxd4 Qb6 10. Kh1 Nxe4 11. Nxe4 Qxd4 12. Qxd4 Bxd4 13. c3 Bg7 14.
Re1 O-O 15. Bd2 d5 16. Ng3 e6 17. Rad1 Nb6 18. Nf1 Nc4 19. Bc1 Rfc8 20. Ne3 b5
21. Nxc4 Rxc4 22. Be3 a5 23. Bd4 Bxd4 24. Rxd4 Rxd4 25. cxd4 Rc8 26. Kg1 Rc2
27. Rb1 Rd2 28. Rc1 Rxd4 29. g3 Rd2 30. Rb1 b4 0-1

[Event "Plzen, JF B"]
[Site "?"]
[Date "1999.??.??"]
[Round "2.13"]
[White "Novy, V."]
[Black "Matousek, Lu"]
[Result "1-0"]
[WhiteElo "1646"]
[BlackElo "1350"]
[PlyCount "69"]
[EventDate "1999.??.??"]
[Source "ChessBase"]
[SourceDate "1996.11.15"]

1. e4 e5 2. Nf3 Nc6 3. Bc4 Nf6 4. d4 d6 5. O-O Nxe4 6. dxe5 Bg4 7. Qd5 Ng5 8.
Nxg5 Qd7 9. Nxf7 Be6 10. Qxe6+ Qxe6 11. Bxe6 Rg8 12. exd6 cxd6 13. Nxd6+ Bxd6
14. Bxg8 Nd4 15. Bxh7 Ke7 16. Nc3 Rh8 17. g3 Rxh7 18. Bf4 Bxf4 19. Nd5+ Kd8 20.
Nxf4 Nf3+ 21. Kg2 Nxh2 22. Rh1 g5 23. Rxh2 Rxh2+ 24. Kxh2 gxf4 25. Re1 fxg3+
26. fxg3 a6 27. g4 a5 28. g5 b6 29. g6 Kc7 30. g7 Kb7 31. g8=Q Ka6 32. Qc4+ b5
33. Qc6+ Ka7 34. Re7+ Kb8 35. Qb7# 1-0

[Event "Plzen, JF B"]
[Site "?"]
[Date "1999.??.??"]
[Round "2.14"]
[White "Grobelsek, M."]
[Black "Smid, J."]
[Result "1/2-1/2"]
[WhiteElo "1500"]
[BlackElo "1350"]
[PlyCount "41"]
[EventDate "1999.??.??"]
[Source "ChessBase"]
[SourceDate "1996.11.15"]

1. e4 e5 2. Nf3 Nc6 3. Bc4 Bc5 4. d3 Nf6 5. Ng5 O-O 6. c3 Ne7 7. d4 exd4 8.
cxd4 Bb6 9. e5 Nfd5 10. Qh5 h6 11. Bd3 Ng6 12. Nxf7 Ba5+ 13. Nc3 Ngf4 14. Bxf4
Nxf4 15. Bc4 Nxh5 16. Nxd8+ Kh7 17. Nf7 Nf4 18. g3 Ne6 19. d5 Rxf7 20. dxe6
dxe6 21. Bd3+ 1/2-1/2

[Event "Plzen, JF B"]
[Site "?"]
[Date "1999.??.??"]
[Round "2.15"]
[White "Kracik, M."]
[Black "Soral, D."]
[Result "1-0"]
[WhiteElo "1458"]
[BlackElo "1550"]
[PlyCount "37"]
[EventDate "1999.??.??"]
[Source "ChessBase"]
[SourceDate "1996.11.15"]

1. e4 e5 2. Nf3 Nc6 3. Bc4 Nf6 4. d4 Qe7 5. O-O Nxe4 6. Re1 f5 7. Nc3 Nxc3 8.
bxc3 d6 9. Bg5 Qd7 10. dxe5 dxe5 11. Nxe5 Nxe5 12. Rxe5+ Be7 13. Rxe7+ Qxe7 14.
Bxe7 Kxe7 15. Qe2+ Kf6 16. Re1 Bd7 17. Qe7+ Kg6 18. Bf7+ Kh6 19. Qh4# 1-0

[Event "Plzen, JF B"]
[Site "?"]
[Date "1999.??.??"]
[Round "2.16"]
[White "Toman, J."]
[Black "Petera, L."]
[Result "0-1"]
[WhiteElo "1550"]
[BlackElo "1324"]
[PlyCount "74"]
[EventDate "1999.??.??"]
[Source "ChessBase"]
[SourceDate "1996.11.15"]

1. e4 c5 2. Nf3 d6 3. d4 cxd4 4. Nxd4 Nf6 5. Nc3 g6 6. Be3 Bg7 7. f3 O-O 8. Qd2
Nc6 9. Bc4 Bd7 10. h4 Rc8 11. Bb3 h5 12. O-O-O Ne5 13. Bh6 Rc5 14. Bxg7 Kxg7
15. Kb1 b5 16. a3 a5 17. Nce2 Qb6 18. Nc3 b4 19. axb4 Qxb4 20. Nce2 Qb6 21. Nc3
Rb8 22. Qc1 Rxc3 23. bxc3 a4 24. Rd2 axb3 25. cxb3 Ba4 26. b4 Nc4 27. Ra2 Ra8
28. g3 Qb7 29. Rhh2 e5 30. Nc2 Bb3 31. Rxa8 Qxa8 32. Na1 Na3+ 33. Kb2 Be6 34.
Re2 Nc4+ 35. Kc2 Qa4+ 36. Kb1 Na3+ 37. Kb2 Nd7 0-1

[Event "Plzen, JF B"]
[Site "?"]
[Date "1999.??.??"]
[Round "2.17"]
[White "Hruska, V."]
[Black "Jurek, M."]
[Result "1-0"]
[WhiteElo "1275"]
[BlackElo "1350"]
[PlyCount "55"]
[EventDate "1999.??.??"]
[Source "ChessBase"]
[SourceDate "1996.11.15"]

1. d4 d5 2. c4 Bf5 3. Nc3 e6 4. Nf3 Nf6 5. e3 c5 6. cxd5 exd5 7. Be2 Bd6 8. Qb3
c4 9. Qxb7 Nbd7 10. Nxd5 Qa5+ 11. Nc3 Be4 12. Qb5 Bb4 13. Qxa5 Bxa5 14. Bd2
Bxc3 15. Bxc3 Rc8 16. O-O O-O 17. Rac1 Rc6 18. Rfd1 Nb6 19. Ne5 Rc7 20. Bb4
Rfc8 21. Bd6 Rb7 22. Bxc4 Nxc4 23. Rxc4 Re8 24. Rb4 Rxb4 25. Bxb4 Nd5 26. Bc5
Rb8 27. Nc4 Bc2 28. Rc1 1-0

[Event "Plzen, JF B"]
[Site "?"]
[Date "1999.??.??"]
[Round "2.18"]
[White "Karbusicky, O."]
[Black "Honzl, O."]
[Result "0-1"]
[WhiteElo "1350"]
[BlackElo "1268"]
[PlyCount "82"]
[EventDate "1999.??.??"]
[Source "ChessBase"]
[SourceDate "1996.11.15"]

1. e4 e5 2. Nf3 Nc6 3. Nc3 Nf6 4. Bc4 Bc5 5. O-O d6 6. d3 Bg4 7. h3 Bxf3 8.
Qxf3 Nd4 9. Qd1 c6 10. Be3 a5 11. Na4 b5 12. Nxc5 dxc5 13. Bxd4 cxd4 14. Bb3 a4
15. Re1 axb3 16. cxb3 O-O 17. Rc1 Qd6 18. Qf3 Rxa2 19. Rc2 Rc8 20. Qf5 Rca8 21.
Rce2 Qb4 22. Qxe5 Re8 23. Qf4 Qc5 24. b4 Qxb4 25. Qg5 c5 26. e5 Nd7 27. Qf5 Re6
28. Qg5 c4 29. dxc4 Qxc4 30. Re4 Qc6 31. Rxd4 Nxe5 32. Qf5 Nf3+ 33. Qxf3 Rxe1+
34. Kh2 Qxf3 35. gxf3 Re2 36. Rd5 Rxf2+ 37. Kg3 Rfxb2 38. f4 f6 39. f5 Ra3+ 40.
Kg4 Rb4+ 41. Kh5 Rxh3# 0-1

[Event "Plzen, JF B"]
[Site "?"]
[Date "1999.??.??"]
[Round "2.19"]
[White "Rehak, M."]
[Black "Kracikova, L."]
[Result "1-0"]
[WhiteElo "1259"]
[BlackElo "1350"]
[PlyCount "43"]
[EventDate "1999.??.??"]
[Source "ChessBase"]
[SourceDate "1996.11.15"]

1. e4 e5 2. Nf3 Nc6 3. Bb5 a6 4. Ba4 Nf6 5. O-O Be7 6. Re1 O-O 7. c3 b5 8. Bb3
Na5 9. Bc2 c5 10. d4 Nb7 11. Nxe5 cxd4 12. cxd4 d6 13. Nf3 Qc7 14. h3 Nd8 15.
Nc3 Ne6 16. d5 Nc5 17. Bg5 Ncd7 18. Qd3 h6 19. Bxf6 Nxf6 20. e5 Bd7 21. exf6
Bxf6 22. Qh7# 1-0

[Event "Plzen, JF B"]
[Site "?"]
[Date "1999.??.??"]
[Round "2.20"]
[White "Matousek, Li"]
[Black "Fastova, K."]
[Result "0-1"]
[WhiteElo "1350"]
[BlackElo "1255"]
[PlyCount "48"]
[EventDate "1999.??.??"]
[Source "ChessBase"]
[SourceDate "1996.11.15"]

1. e4 c5 2. Bb5 a6 3. Ba4 b5 4. Bb3 c4 5. d4 e6 6. Bf4 Nf6 7. e5 Nd5 8. Bg3
cxb3 9. axb3 Bb7 10. c3 Nxc3 11. Nxc3 Bxg2 12. Nxb5 Bxh1 13. d5 Bxd5 14. Nf3
axb5 15. Bh4 Be7 16. Bxe7 Qxe7 17. Rxa8 Bxa8 18. h4 Bxf3 19. Qxf3 Qb4+ 20. Qc3
Qxc3+ 21. bxc3 Ke7 22. c4 bxc4 23. bxc4 Rc8 24. f4 Rxc4 0-1

[Event "Plzen, JF B"]
[Site "?"]
[Date "1999.??.??"]
[Round "2.21"]
[White "Bim, T."]
[Black "Momotov, I."]
[Result "1-0"]
[WhiteElo "1550"]
[BlackElo "1350"]
[PlyCount "53"]
[EventDate "1999.??.??"]
[Source "ChessBase"]
[SourceDate "1996.11.15"]

1. e4 e5 2. Nf3 Nf6 3. Nxe5 Nxe4 4. d3 Nxf2 5. Kxf2 Bc5+ 6. d4 Qf6+ 7. Nf3 Bb6
8. Qe1+ Kd8 9. c3 d6 10. Bg5 Bg4 11. Bxf6+ gxf6 12. Bc4 c5 13. Bxf7 cxd4 14.
cxd4 Bxd4+ 15. Nxd4 Rf8 16. Bd5 Re8 17. Qd2 Nd7 18. Re1 Re5 19. Rxe5 dxe5 20.
Ne6+ Ke7 21. Nc7 Rc8 22. Nb5 Nc5 23. N1c3 Rd8 24. Qh6 Nd3+ 25. Ke3 Bf5 26. Qg7+
Ke8 27. Qf7# 1-0

[Event "Plzen, JF B"]
[Site "?"]
[Date "1999.??.??"]
[Round "2.22"]
[White "Smazalova, H."]
[Black "Konig, M."]
[Result "1-0"]
[WhiteElo "1350"]
[BlackElo "1550"]
[PlyCount "87"]
[EventDate "1999.??.??"]
[Source "ChessBase"]
[SourceDate "1996.11.15"]

1. e4 e5 2. Nf3 Nc6 3. Nc3 Nf6 4. Bb5 Bb4 5. O-O d6 6. h3 O-O 7. d3 Be6 8. Bg5
Re8 9. d4 Bd7 10. Nd5 Kh8 11. Bxc6 bxc6 12. Nxb4 Rb8 13. c3 exd4 14. Nc2 Rxe4
15. Ncxd4 Rxb2 16. Re1 Rxe1+ 17. Qxe1 Rb8 18. Qe3 c5 19. Nc2 h6 20. Bf4 Nd5 21.
Qd2 Nxf4 22. Qxf4 Be6 23. Ne3 Qe7 24. Qa4 Ra8 25. Rb1 Qf6 26. c4 Qg6 27. Rb7
Qf6 28. Ne1 Qd8 29. Rxa7 Rb8 30. Qa5 Rc8 31. Rb7 Qd7 32. Nd3 Qd8 33. a4 c6 34.
Qxd8+ Rxd8 35. a5 Ra8 36. Rb6 Bd7 37. a6 Ra7 38. Rb7 Rxa6 39. Rxd7 Ra1+ 40. Kh2
Ra8 41. Rxd6 Rc8 42. Nxc5 Rc7 43. Nf5 Kg8 44. Nd4 1-0

[Event "Plzen, JF B"]
[Site "?"]
[Date "1999.??.??"]
[Round "2.23"]
[White "Kracikova, K."]
[Black "Palkova, K."]
[Result "0-1"]
[WhiteElo "1550"]
[BlackElo "1350"]
[PlyCount "44"]
[EventDate "1999.??.??"]
[Source "ChessBase"]
[SourceDate "1996.11.15"]

1. e4 e5 2. Nf3 Nc6 3. Bc4 Nf6 4. O-O Be7 5. Nc3 Nxe4 6. Bxf7+ Kxf7 7. Nxe4 Rf8
8. d3 Kg8 9. Bg5 d5 10. Bxe7 Qxe7 11. Neg5 Bg4 12. h4 Nd4 13. c4 dxc4 14. dxc4
Rad8 15. Qd3 Nxf3+ 16. Qxf3 Bxf3 17. gxf3 h6 18. Ne4 Qxh4 19. Kg2 Rxf3 20. Kxf3
Rd3+ 21. Kg2 Qxe4+ 22. Kh2 Qg4 0-1

[Event "Plzen, JF B"]
[Site "?"]
[Date "1999.??.??"]
[Round "2.24"]
[White "Tolar, J."]
[Black "Martinek, M."]
[Result "0-1"]
[WhiteElo "1350"]
[BlackElo "1550"]
[PlyCount "54"]
[EventDate "1999.??.??"]
[Source "ChessBase"]
[SourceDate "1996.11.15"]

1. d4 Nf6 2. c4 g6 3. Nc3 Bg7 4. Nf3 O-O 5. e3 d6 6. Be2 Bf5 7. O-O Nc6 8. Qb3
Rb8 9. Nd2 e5 10. d5 Ne7 11. e4 Bd7 12. Qc2 Ne8 13. b4 f5 14. f3 c6 15. Bb2
cxd5 16. cxd5 Rc8 17. Qb3 a6 18. a4 Nf6 19. Rac1 Nh5 20. Na2 Nf4 21. Rxc8 Nxc8
22. Nc3 Qg5 23. Rf2 Nh3+ 24. Kf1 Nxf2 25. Kxf2 Qxd2 26. h4 fxe4 27. Nxe4 Qf4
0-1

[Event "Plzen, JF B"]
[Site "?"]
[Date "1999.??.??"]
[Round "2.25"]
[White "Pokorny, J."]
[Black "Bouska, M."]
[Result "1-0"]
[WhiteElo "1550"]
[BlackElo "1250"]
[PlyCount "79"]
[EventDate "1999.??.??"]
[Source "ChessBase"]
[SourceDate "1996.11.15"]

1. e4 c6 2. d4 d5 3. Nc3 dxe4 4. Nxe4 Bf5 5. Bd3 Qxd4 6. Nf3 Qd7 7. Nc5 Qc8 8.
Bxf5 Qxf5 9. Nxb7 Qe4+ 10. Kf1 Qc4+ 11. Kg1 Nd7 12. Na5 Qa6 13. Nb3 e6 14. Be3
Ngf6 15. g3 Be7 16. Kg2 O-O 17. h4 Qb7 18. h5 h6 19. Qd2 c5 20. Qe2 Ne4 21.
Rad1 Bg5 22. Kh2 f5 23. Bxg5 hxg5 24. Kg1 Ndf6 25. Ne5 Rad8 26. Rb1 Rd5 27. Ng6
Rfd8 28. Kg2 Nd2 29. Nxd2 Rxd2+ 30. Qf3 Rxf2+ 31. Kxf2 Rd2+ 32. Ke3 Ng4+ 33.
Qxg4 fxg4 34. Kxd2 Qg2+ 35. Kd3 Qxg3+ 36. Kc4 Qe3 37. Rbd1 Qe2+ 38. Kc3 g3 39.
Rd8+ Kh7 40. Rh8# 1-0

[Event "Plzen, JF B"]
[Site "?"]
[Date "1999.??.??"]
[Round "2.26"]
[White "Franta, S."]
[Black "Simlova, J."]
[Result "0-1"]
[WhiteElo "1550"]
[BlackElo "1550"]
[PlyCount "76"]
[EventDate "1999.??.??"]
[Source "ChessBase"]
[SourceDate "1996.11.15"]

1. e4 e5 2. Nf3 Nc6 3. d4 exd4 4. Nxd4 Nf6 5. Nc3 Bb4 6. Nxc6 bxc6 7. Bd3 d5 8.
O-O Bxc3 9. bxc3 dxe4 10. Bc4 O-O 11. Ba3 Re8 12. Qxd8 Rxd8 13. Rad1 Nd5 14.
Be7 Rd7 15. Bxd5 cxd5 16. Bc5 Ba6 17. Rfe1 c6 18. Re3 Rb8 19. Bxa7 Rxa7 20.
Rde1 Rab7 21. h3 f5 22. f3 f4 23. fxe4 fxe3 24. Rxe3 Re7 25. e5 Rb1+ 26. Kf2
Rc1 27. Re2 Bxe2 28. Kxe2 Rxc2+ 29. Kd3 Rxa2 30. g4 Rxe5 31. h4 Ra4 32. h5 Rxg4
33. Kc2 Rxh5 34. Kb3 Rh3 35. Ka3 Rxc3+ 36. Kb2 Rh3 37. Kc2 Rg2+ 38. Kd1 Rh1#
0-1

[Event "Plzen, JF B"]
[Site "?"]
[Date "1999.??.??"]
[Round "2.27"]
[White "Simlova, K."]
[Black "Kovar, J."]
[Result "1-0"]
[WhiteElo "1550"]
[BlackElo "1250"]
[PlyCount "83"]
[EventDate "1999.??.??"]
[Source "ChessBase"]
[SourceDate "1996.11.15"]

1. e4 e5 2. Nf3 Nf6 3. Nc3 b6 4. Bc4 Bb7 5. d3 Bb4 6. Nxe5 Bxc3+ 7. bxc3 O-O 8.
O-O d6 9. Nf3 h6 10. Nd4 d5 11. exd5 Bxd5 12. Bb3 Re8 13. c4 c5 14. Nf5 Be6 15.
Qf3 Nbd7 16. Nd6 Bg4 17. Qg3 Re2 18. Bb2 Qe7 19. d4 cxd4 20. Bxd4 g6 21. Ba4
Kh7 22. Bxd7 Bxd7 23. c5 Rxc2 24. cxb6 axb6 25. Qb3 Ba4 26. Qxf7+ Qxf7 27. Nxf7
Kg7 28. Nxh6 Kxh6 29. Bxf6 g5 30. Bd4 b5 31. Rfe1 Kh5 32. h3 Kh4 33. Re4+ Kh5
34. Rg4 Bb3 35. a3 Ra4 36. Re1 Rac4 37. Re5 Rc1+ 38. Kh2 Bd1 39. Rexg5+ Kh6 40.
Rg6+ Kh5 41. R4g5+ Kh4 42. g3# 1-0

[Event "Plzen, JF B"]
[Site "?"]
[Date "1999.??.??"]
[Round "3.1"]
[White "Sedy, P."]
[Black "Galicek, S."]
[Result "0-1"]
[WhiteElo "1671"]
[BlackElo "1860"]
[PlyCount "82"]
[EventDate "1999.??.??"]
[Source "ChessBase"]
[SourceDate "1996.11.15"]

1. e4 c5 2. Nf3 d6 3. d4 cxd4 4. Nxd4 Nf6 5. Nc3 a6 6. Be2 e6 7. Be3 Be7 8. O-O
O-O 9. f4 Qc7 10. Qe1 b5 11. a3 Bb7 12. Bf3 Nbd7 13. Rd1 Nc5 14. Bc1 Rfd8 15.
e5 dxe5 16. fxe5 Nd5 17. Bxd5 Bxd5 18. Nxd5 Rxd5 19. Nf5 Rxd1 20. Nxe7+ Qxe7
21. Qxd1 Rd8 22. Qg4 Qc7 23. Bg5 Rd5 24. Bf6 g6 25. Qf4 Nd7 26. Qh6 Nxf6 27.
exf6 Qc5+ 28. Kh1 Qf8 29. Qe3 h5 30. h3 Kh7 31. Qa7 Rd6 32. Qe7 Kg8 33. Rf3
Rd1+ 34. Kh2 Qb8+ 35. g3 Rd2+ 36. Kg1 Qb6+ 37. Kf1 Qc6 38. Ke1 Rxc2 39. Qd8+
Kh7 40. Qd3 Rxb2 41. Qe3 Qc2 0-1

[Event "Plzen, JF B"]
[Site "?"]
[Date "1999.??.??"]
[Round "3.2"]
[White "Rybak, D."]
[Black "Marous, R."]
[Result "1-0"]
[WhiteElo "1798"]
[BlackElo "1665"]
[PlyCount "81"]
[EventDate "1999.??.??"]
[Source "ChessBase"]
[SourceDate "1996.11.15"]

1. e4 Nf6 2. e5 Nd5 3. d4 d6 4. Nf3 Bg4 5. Be2 e6 6. O-O Be7 7. c4 Nb6 8. Nc3
O-O 9. Be3 f5 10. exf6 Bxf6 11. Nd2 Bxe2 12. Qxe2 Nc6 13. Nf3 e5 14. d5 Ne7 15.
Rad1 Nf5 16. Ne4 Qe7 17. Qd3 Nd7 18. b4 a5 19. a3 axb4 20. axb4 Ra4 21. Ra1
Rfa8 22. Rxa4 Rxa4 23. Qb3 Ra8 24. Re1 g6 25. c5 Kh8 26. Kf1 Bg7 27. Nfd2 Nf6
28. Kg1 Bh6 29. Bxh6 Nxh6 30. Nxf6 Qxf6 31. Ne4 Qe7 32. f3 Nf5 33. Qb2 Nd4 34.
Ra1 Rxa1+ 35. Qxa1 Nb5 36. Qa8+ Kg7 37. Qxb7 Qe8 38. cxd6 Nxd6 39. Nxd6 Qa4 40.
Qxc7+ Kh6 41. Nf7+ 1-0

[Event "Plzen, JF B"]
[Site "?"]
[Date "1999.??.??"]
[Round "3.3"]
[White "Studnicka, T."]
[Black "Sodoma, J."]
[Result "1-0"]
[WhiteElo "1651"]
[BlackElo "1745"]
[PlyCount "69"]
[EventDate "1999.??.??"]
[Source "ChessBase"]
[SourceDate "1996.11.15"]

1. e4 e5 2. Nf3 Nc6 3. Bb5 Nd4 4. Nxd4 exd4 5. O-O Bc5 6. d3 c6 7. Bc4 d5 8.
exd5 cxd5 9. Bb5+ Bd7 10. Re1+ Ne7 11. Bxd7+ Qxd7 12. Nd2 O-O-O 13. Nb3 Bb6 14.
Bf4 f6 15. h3 g5 16. Bh2 h5 17. c3 dxc3 18. Qc2 Nc6 19. bxc3 g4 20. h4 Rhg8 21.
d4 f5 22. c4 dxc4 23. Qxc4 Qd5 24. Qc2 Rde8 25. Rac1 Bd8 26. Re5 Rxe5 27. dxe5
Rf8 28. Rd1 Qf7 29. Nd4 Qe8 30. Nxf5 Kb8 31. Nd6 Qe6 32. Rb1 Bb6 33. Bg3 Nxe5
34. Qe4 Bxf2+ 35. Bxf2 1-0

[Event "Plzen, JF B"]
[Site "?"]
[Date "1999.??.??"]
[Round "3.4"]
[White "Svoboda, Jar"]
[Black "Novy, V."]
[Result "1/2-1/2"]
[WhiteElo "1740"]
[BlackElo "1646"]
[PlyCount "124"]
[EventDate "1999.??.??"]
[Source "ChessBase"]
[SourceDate "1996.11.15"]

1. e4 c5 2. Nc3 Nc6 3. f4 g6 4. Nf3 Bg7 5. d3 e6 6. Be3 b6 7. e5 d6 8. exd6
Qxd6 9. Ne4 Qd8 10. c3 Bb7 11. Qc2 Nge7 12. g3 Nf5 13. Bf2 Qc7 14. Bg2 h5 15.
O-O-O O-O-O 16. Rhe1 Ba6 17. Neg5 Rd7 18. Nxf7 Rxf7 19. Rxe6 Rf6 20. Ng5 Nd8
21. Rxf6 Bxf6 22. Qa4 Bb7 23. Ne4 Bc6 24. Qa6+ Qb7 25. Qc4 Bg7 26. Bh3 Kb8 27.
Qb3 Bd5 28. c4 Bc6 29. Bxf5 gxf5 30. Nd6 Qa6 31. Nxf5 Bf6 32. Re1 Bd7 33. Nd6
Nc6 34. Ne4 Nd4 35. Bxd4 Bxd4 36. Ng5 Qb7 37. Qd1 Qc6 38. Re7 Re8 39. Rxe8+
Bxe8 40. Ne4 Qe6 41. Qf3 Qg4 42. Qf1 Kc7 43. b3 Bd7 44. Kd2 Qh3 45. Qe2 Bg4 46.
Ng5 Bxe2 47. Nxh3 Bg4 48. Ng5 Kd6 49. h3 Bf5 50. Ke2 Ke7 51. h4 Bg4+ 52. Ke1
Bc3+ 53. Kf2 Bd1 54. Ne4 Bd4+ 55. Ke1 Bc2 56. Kd2 Bb1 57. Nc3 Bxc3+ 58. Kxc3
Ke6 59. a3 a5 60. a4 Kd6 61. Kd2 Ke6 62. Kc3 Kd6 1/2-1/2

[Event "Plzen, JF B"]
[Site "?"]
[Date "1999.??.??"]
[Round "3.5"]
[White "Priborsky, I."]
[Black "Fiser, J."]
[Result "1/2-1/2"]
[WhiteElo "1525"]
[BlackElo "1683"]
[PlyCount "45"]
[EventDate "1999.??.??"]
[Source "ChessBase"]
[SourceDate "1996.11.15"]

1. e4 e6 2. d4 d5 3. Nc3 Nf6 4. e5 Nfd7 5. Nf3 c5 6. Bf4 Nc6 7. Bb5 Qb6 8. dxc5
Bxc5 9. O-O O-O 10. Qe2 a6 11. Bd3 Be7 12. Nd1 Nc5 13. c3 Nxd3 14. Qxd3 Bd7 15.
Ne3 f5 16. Nc2 g5 17. Nxg5 Bxg5 18. Bxg5 Nxe5 19. Qe3 Qxe3 20. Bxe3 Bb5 21.
Rfd1 f4 22. Bd4 Nc6 23. Bc5 1/2-1/2

[Event "Plzen, JF B"]
[Site "?"]
[Date "1999.??.??"]
[Round "3.6"]
[White "Horacek, D."]
[Black "Priborsky, M."]
[Result "1/2-1/2"]
[WhiteElo "1704"]
[BlackElo "1487"]
[PlyCount "47"]
[EventDate "1999.??.??"]
[Source "ChessBase"]
[SourceDate "1996.11.15"]

1. e4 e5 2. Nf3 Nc6 3. d4 exd4 4. Nxd4 Bc5 5. Be3 Bxd4 6. Bxd4 Nf6 7. Bxf6 Qxf6
8. Nc3 O-O 9. Bd3 d6 10. O-O Be6 11. Qd2 Qe7 12. Rae1 Qd7 13. f4 f5 14. exf5
Bxf5 15. Bxf5 Rxf5 16. Ne4 Raf8 17. Ng5 Nd8 18. Qd3 g6 19. Qh3 Qg7 20. Qb3+ Kh8
21. Qe3 h6 22. g4 R5f6 23. Nh3 Re6 24. Qb3 1/2-1/2